| 000 | 01314nam a22002775i 4500 | ||
|---|---|---|---|
| 001 | 163787 | ||
| 003 | ES-MaACL | ||
| 005 | 20260204130658.0 | ||
| 008 | 990701s1903 sp |||| | spa d | ||
| 080 | _a821.134.2 Barahona de Soto, Luis 1.07 | ||
| 080 | _a929 Barahona de Soto, Luis | ||
| 100 | 1 |
_aRodríguez Marín, Francisco, _d1855-1943 _998634 |
|
| 245 | 1 | 0 |
_aLuis Barahona de Soto : _bestudio biográfico, bibliográfico y crítico / _cpor Francisco Rodríguez Marín. |
| 260 |
_aMadrid : _b[s.n.], _c1903 ( _fEst. Tip. "Sucesores de Rivadeneyra") |
||
| 300 |
_aVIII, 866 p. ; _c28 cm. |
||
| 505 | 8 | _aContiene: Biografía . Bibliografía . Estudio crítico . Apéndices. Poesías líricas de Luis Barahona de Soto | |
| 530 | _aDisponible en formato digital. | ||
| 586 | _a"Obra premiada con medalla de oro, en público certamen, por la Real Academia Española, e impresa a sus expensas" | ||
| 600 | 1 | 4 |
_aBarahona de Soto, Luis. _925284 |
| 700 | 1 |
_aBarahona de Soto, Luis. _925284 |
|
| 852 |
_aES-MaACL _jF-3036 _zEncuadernación holandesa _cDEPO2 |
||
| 856 | 4 |
_uhttp://hdl.handle.net/10481/19107 _yRepositorio Institucional de la Universidad de Granada |
|
| 856 | 4 |
_uhttps://archive.org/details/luisbarahonadeso00rodr _yInternet Archive |
|
| 942 | _2udc | ||
| 999 |
_c163787 _d163787 |
||